The study of new social movements in Latin America and the question of autonomy /

Saved in:
Bibliographic Details
Main Author: Hellman, Judith Adler
Format: Text
Tags: Add Tag
No Tags, Be the first to tag this record!

MARC

LEADER 00000 a a2200000 04500
001 42868
003
040
100 |a Hellman, Judith Adler  
245 |a The study of new social movements in Latin America and the question of autonomy /  |c Judith Adler Hellman  
773 |g páginas 52-61  
999 |c 24153  |d 24153